[Event "Cammeray Norths op"]
[Site "Cammeray"]
[Date "2011.01.05"]
[Round "4"]
[White "Teymant, Roy"]
[Black "Christian, Kashish"]
[Result "1/2-1/2"]
[WhiteElo "1036"]
[BlackElo "919"]
[PlyCount "42"]
[EventDate "2011.01.02"]
[EventType "swiss"]
[EventRounds "7"]
[EventCountry "AUS"]
[SourceTitle "EXT 2013"]
[Source "ChessBase"]
[SourceDate "2012.11.22"]
[SourceVersion "1"]
[SourceVersionDate "2012.11.22"]
[SourceQuality "1"]

1. e4 c5 2. Nf3 e6 3. Nc3 Be7 4. Bc4 Nc6 5. a3 Nf6 6. d3 d5 7. Ba2 dxe4 8. dxe4 Qxd1+ 9. Kxd1 b6 10. Be3 Bb7 11. Ke2 Rd8 12. Rad1 Ba6+ 13. Ke1 0-0 14. h3 Rxd1+ 15. Kxd1 Rd8+ 16. Nd2 h6 17. f3 Nd4 18. Re1 Nh7 19. Ncb1 Bh4 20. Rh1 Bg3 21. Nc3 Nf6 1/2-1/2

[Event "Cammeray Norths op"]
[Site "Cammeray"]
[Date "2011.01.03"]
[Round "2"]
[White "Wills, Colin"]
[Black "Teymant, Roy"]
[Result "0-1"]
[WhiteElo "1334"]
[BlackElo "1036"]
[PlyCount "66"]
[EventDate "2011.01.02"]
[EventType "swiss"]
[EventRounds "7"]
[EventCountry "AUS"]
[SourceTitle "EXT 2013"]
[Source "ChessBase"]
[SourceDate "2012.11.22"]
[SourceVersion "1"]
[SourceVersionDate "2012.11.22"]
[SourceQuality "1"]

1. d4 Nf6 2. c4 e6 3. Nc3 d5 4. Bg5 Be7 5. e3 Nc6 6. Nf3 h6 7. Bh4 0-0 8. Bd3 a6 9. 0-0 Re8 10. a3 b6 11. Rc1 Bb7 12. cxd5 exd5 13. Bc2 Bc8 14. Re1 Be6 15. Qd3 g6 16. h3 Nh5 17. Bxe7 Rxe7 18. Qd1 Qd7 19. Bb3 g5 20. Nxg5 hxg5 21. Qxh5 f6 22. Bc2 Rg7 23. Qf3 Qf7 24. Bf5 Rd8 25. Qg4 Bxf5 26. Qxf5 Ne7 27. Qd3 Rh7 28. e4 Qg6 29. Qxa6 g4 30. hxg4 Qxg4 31. f3 Qg3 32. Qf1 Kf7 33. Nxd5 Rdh8 0-1

[Event "Doeberl Cup Minor 48th"]
[Site "Canberra"]
[Date "2010.04.03"]
[Round "4"]
[White "East, William A"]
[Black "Teymant, Roy"]
[Result "1-0"]
[WhiteElo "1166"]
[BlackElo "997"]
[PlyCount "61"]
[EventDate "2010.04.02"]
[EventType "swiss"]
[EventRounds "7"]
[EventCountry "AUS"]
[SourceTitle "EXT 2012"]
[Source "ChessBase"]
[SourceDate "2011.11.24"]
[SourceVersion "1"]
[SourceVersionDate "2011.11.24"]
[SourceQuality "1"]

1. e4 e5 2. Nf3 Nf6 3. Nxe5 Qe7 4. d4 d6 5. Nf3 Qxe4+ 6. Qe2 Qxe2+ 7. Bxe2 Bf5 8. c3 Nc6 9. 0-0 0-0-0 10. Ng5 Bg6 11. Bc4 d5 12. Bb5 Ne7 13. Nf3 h5 14. Ne5 h4 15. Nxg6 Nxg6 16. h3 Bd6 17. Nd2 c6 18. Ba4 b5 19. Bc2 Rde8 20. Nf3 Re7 21. Bg5 Bf4 22. Bxh4 Nxh4 23. Nxh4 Rxh4 24. g3 Bxg3 25. fxg3 Rh6 26. a4 g6 27. Rxf6 Re2 28. Rf2 Rxf2 29. Kxf2 Rxh3 30. Kg2 Rh5 31. axb5 1-0

[Event "Doeberl Cup Minor 48th"]
[Site "Canberra"]
[Date "2010.04.02"]
[Round "2"]
[White "Zhang, Yijun"]
[Black "Teymant, Roy"]
[Result "1-0"]
[WhiteElo "1261"]
[BlackElo "997"]
[PlyCount "97"]
[EventDate "2010.04.02"]
[EventType "swiss"]
[EventRounds "7"]
[EventCountry "AUS"]
[SourceTitle "EXT 2012"]
[Source "ChessBase"]
[SourceDate "2011.11.24"]
[SourceVersion "1"]
[SourceVersionDate "2011.11.24"]
[SourceQuality "1"]

1. d4 Nf6 2. Bg5 h6 3. Bh4 d5 4. Nf3 Nc6 5. e3 Bf5 6. Bb5 a6 7. Ba4 b5 8. Bb3 e6 9. 0-0 Bd6 10. Nbd2 g5 11. Bg3 Bxg3 12. fxg3 Qd6 13. Rc1 Ne4 14. c3 f6 15. Bc2 Ke7 16. Nxe4 dxe4 17. Nd2 h5 18. Nxe4 Bxe4 19. Bxe4 f5 20. Bc2 g4 21. e4 fxe4 22. Bxe4 Raf8 23. Qd2 Rfg8 24. Qf2 Rf8 25. Qe3 Rfg8 26. Rce1 a5 27. Bf5 Nd8 28. Qe5 Qxe5 29. Rxe5 c6 30. Rfe1 Rh6 31. a4 Kd6 32. Bc2 Nf7 33. R5e2 Rg5 34. axb5 Rxb5 35. Ba4 Rf5 36. Bb3 Ng5 37. Bc2 Rff6 38. Re5 Nf7 39. Rxa5 Nd8 40. Rf1 Rxf1+ 41. Kxf1 Rf6+ 42. Ke2 Nf7 43. Rxh5 e5 44. Rf5 Ke6 45. Rxf6+ Kxf6 46. Ba4 exd4 47. cxd4 Nd8 48. Ke3 Kf5 49. h4 1-0

[Event "Cammeray Norths CC op"]
[Site "Cammeray"]
[Date "2010.01.07"]
[Round "5"]
[White "Lane, Clive"]
[Black "Teymant, Roy"]
[Result "1-0"]
[WhiteElo "1540"]
[BlackElo "882"]
[PlyCount "43"]
[EventDate "2010.01.02"]
[EventType "swiss"]
[EventRounds "7"]
[EventCountry "AUS"]
[SourceTitle "EXT 2011"]
[Source "ChessBase"]
[SourceDate "2010.11.26"]
[SourceVersion "1"]
[SourceVersionDate "2010.11.26"]
[SourceQuality "1"]

1. d4 Nf6 2. Nf3 e6 3. e3 Be7 4. Bd3 0-0 5. 0-0 d5 6. b3 c5 7. Bb2 Nc6 8. Nbd2 Qc7 9. a3 b6 10. Ne5 Bb7 11. f4 Bd6 12. Rf3 cxd4 13. exd4 a6 14. Rh3 Ne7 15. Bxh7+ Kh8 16. Qe2 Neg8 17. Bd3+ Nh6 18. g4 Nfxg4 19. Qxg4 Qe7 20. Qg5 Rg8 21. Ng6+ fxg6 22. Qxg6 1-0

[Event "Cammeray Norths CC op"]
[Site "Cammeray"]
[Date "2010.01.04"]
[Round "3"]
[White "Teymant, Roy"]
[Black "Baker, John"]
[Result "1-0"]
[WhiteElo "882"]
[BlackElo "1258"]
[PlyCount "143"]
[EventDate "2010.01.02"]
[EventType "swiss"]
[EventRounds "7"]
[EventCountry "AUS"]
[SourceTitle "EXT 2011"]
[Source "ChessBase"]
[SourceDate "2010.11.26"]
[SourceVersion "1"]
[SourceVersionDate "2010.11.26"]
[SourceQuality "1"]

1. e4 e5 2. Nf3 Nc6 3. Bc4 Nf6 4. Ng5 d5 5. exd5 Nxd5 6. Nxf7 Kxf7 7. Qf3+ Ke8 8. Bxd5 Qf6 9. Qxf6 gxf6 10. c3 Ne7 11. Bf3 c6 12. d3 Bf5 13. Be4 Rd8 14. Ke2 Rg8 15. Bxf5 Nxf5 16. g3 Bc5 17. Rf1 Kf7 18. b4 Bb6 19. Bb2 Rge8 20. Nd2 h5 21. h4 Nh6 22. Ne4 Nf5 23. Rad1 Bc7 24. Rfe1 b6 25. Kf1 Rd7 26. Re2 Red8 27. Red2 Nh6 28. d4 Ng4 29. dxe5 Rxd2 30. Rxd2 Rxd2 31. Nxd2 Nxe5 32. c4 Nd3 33. Bc3 Nc1 34. a3 Be5 35. Bxe5 fxe5 36. Kg2 Ke6 37. Kf3 Nd3 38. Ke3 Nb2 39. Ke4 Nd1 40. Kf3 Kf5 41. Ne4 Nb2 42. Nd6+ Ke6 43. Nc8 Nxc4 44. Nxa7 Nxa3 45. Nxc6 Kd6 46. Nd8 Nc2 47. g4 Nd4+ 48. Ke4 hxg4 49. Nf7+ Ke6 50. Nxe5 Nf5 51. Nxg4 Nxh4 52. Ne3 b5 53. Nd5 Kd6 54. Nc3 Kc6 55. f4 Ng6 56. f5 Nh8 57. Ke5 Nf7+ 58. Ke6 Nh6 59. f6 Kb6 60. f7 Nxf7 61. Kxf7 Kc6 62. Ke6 Kb6 63. Kd6 Ka6 64. Kc5 Kb7 65. Kxb5 Ka7 66. Ka5 Kb7 67. b5 Ka7 68. b6+ Kb7 69. Nb1 Kb8 70. Ka6 Ka8 71. b7+ Kb8 72. Nd2 1-0

[Event "Canberra AUS Minor op"]
[Site "Canberra"]
[Date "2006.12.30"]
[Round "5"]
[White "Nicholson, Jennie"]
[Black "Teymant, Roy"]
[Result "0-1"]
[WhiteElo "795"]
[BlackElo "921"]
[PlyCount "50"]
[EventDate "2006.12.28"]
[EventType "swiss"]
[EventRounds "6"]
[EventCountry "AUS"]
[SourceTitle "EXT 2010"]
[Source "ChessBase"]
[SourceDate "2010.11.25"]
[SourceVersion "1"]
[SourceVersionDate "2010.11.25"]
[SourceQuality "1"]

1. e4 Nf6 2. Nc3 e5 3. Nf3 d6 4. Bc4 Bg4 5. h3 Bh5 6. d3 Nc6 7. Be3 h6 8. 0-0 Be7 9. Nd5 Nd4 10. Nxf6+ Bxf6 11. g4 Bg6 12. Bxd4 exd4 13. c3 0-0 14. cxd4 c6 15. Qb3 b5 16. Bxb5 cxb5 17. e5 dxe5 18. dxe5 Be7 19. Rfd1 a6 20. Nh4 Bxh4 21. f4 Qd4+ 22. Kh1 Qxf4 23. e6 Qf3+ 24. Kh2 Bg3+ 25. Kg1 Qf2+ 0-1

[Event "Canberra AUS Minor op"]
[Site "Canberra"]
[Date "2006.12.29"]
[Round "2"]
[White "Teymant, Roy"]
[Black "Gupte, Anand"]
[Result "0-1"]
[WhiteElo "921"]
[BlackElo "584"]
[PlyCount "130"]
[EventDate "2006.12.28"]
[EventType "swiss"]
[EventRounds "6"]
[EventCountry "AUS"]
[SourceTitle "EXT 2010"]
[Source "ChessBase"]
[SourceDate "2010.11.25"]
[SourceVersion "1"]
[SourceVersionDate "2010.11.25"]
[SourceQuality "1"]

1. Nf3 d5 2. d3 Bf5 3. Nbd2 Nf6 4. g3 Nc6 5. Bg2 e5 6. 0-0 e4 7. Nh4 Qd7 8. Nxf5 Qxf5 9. dxe4 dxe4 10. e3 0-0-0 11. f3 Qc5 12. Qe2 exf3 13. Bxf3 Re8 14. Nb3 Qb6 15. Kh1 Bc5 16. Nxc5 Qxc5 17. a3 Qe5 18. Bxc6 bxc6 19. Qa6+ Kb8 20. Qxc6 Qd5+ 21. Qxd5 Nxd5 22. Rxf7 Rhg8 23. Bd2 Nxe3 24. Bxe3 Rxe3 25. b4 Rc3 26. Rd1 Rxc2 27. Rdd7 Re8 28. Rf1 Rc3 29. Ra1 Kb7 30. Rxg7 Kb6 31. a4 a5 32. b5 c5 33. Rxh7 c4 34. Rh6+ Kc5 35. Rb1 Rb3 36. Rxb3 cxb3 37. Rc6+ Kb4 38. b6 b2 39. b7 b1Q+ 40. Kg2 Re2+ 41. Kh3 Qf1+ 42. Kg4 Re4+ 43. Kg5 Re5+ 44. Kh6 Qh3+ 45. Kg6 Re6+ 46. Rxe6 Qxe6+ 47. Kg5 Qb6 48. h4 Qxb7 49. Kh5 Kxa4 50. g4 Kb4 51. Kh6 a4 52. g5 a3 53. g6 a2 54. g7 Qc6+ 55. Kh7 Qc7 56. h5 a1Q 57. h6 Qa8 58. Kg6 Qg8 59. Kf6 Qgf7+ 60. Kg5 Qd8+ 61. Kg4 Qe6+ 62. Kf3 Qdd5+ 63. Kf2 Qef5+ 64. Ke2 Qfe4+ 65. Kf2 Qdf5+ 0-1